000 01122cam a2200253 i 4500
003 SA-RiAUC
005 20260221123028.0
008 260218s1898 su g 00010 ara c
040 _aSA-RiAUC
_bara
_cSA-RiAUC
_erda
082 0 4 _a252.5
090 _aم ن 252.5
_bو ن ا
100 1 _aالونائي، علي بن عبد البر بن علي،
_d1170-1212 هجري
_eمؤلف.
245 1 0 _aعمدة الأبرار في أحكام الحج والاعتمار /
_cتأليف علي بن عبد البر بن عبد الفتاح بن عبد الفتاح الحسني الونائي.
250 _aالطبعة الرابعة.
264 1 _aمكة المكرمة :
_b[الناشر غير محدد]،
_c[1898]
264 3 _a[مكان الطبع غير محدد] :
_bالمطبعة الميرية.
300 _a104 صفحة ؛
_c29 سم
336 _aنص
_btxt
_2rdacontent
_3كتاب
337 _aبدون وسيط
_bn
_2rdamedia
338 _aمجلد
_bnc
_2rdacarrier
650 7 _aالحج (فقه إسلامي)
_xمناسك
_2aucsh
942 _2ddc
_cRBOOK COPY
_n0
949 _aSA-JeALM
_d260218
_umohamedma123
_n1
999 _c14435
_d14435